| 000 | 00382nam a2200145Ia 4500 | ||
|---|---|---|---|
| 008 | 230917s9999||||xx |||||||||||||| ||und|| | ||
| 040 |
_e77820 _aMAIN |
||
| 041 | _aEnglish | ||
| 082 | _a346.043 B489L | ||
| 100 | _aBijlani, H U, ed. | ||
| 245 | 0 | _aLaw and urban land | |
| 260 |
_aNew Delhi _bIndian Institute of Public Administration _c1978 |
||
| 300 | _axv, 242 p. | ||
| 942 | _cBK | ||
| 999 |
_c203271 _d203271 |
||